[Event "Ïåðâåíñòâî Ìîñêâû"]
[Site "ÐœÐ¾Ñ�ÐºÐ²Ð°, ÐœÐ“Ð˜ÐœÐž Ð¿Ñ€."]
[Date "2018.11.21"]
[Round "5.13"]
[White "Makshanov, Matvey"]
[Black "Ivanov, Artem T"]
[Result "0-1"]
[WhiteElo "1555"]
[BlackElo "1850"]
[PlyCount "88"]
[EventDate "2018.11.18"]

1. e4 c5 2. Nf3 d6 3. Bb5+ Nd7 4. d4 cxd4 5. Qxd4 a6 6. Bxd7+ Bxd7 7. Nc3 Rc8
8. O-O e5 9. Qd3 h6 10. Be3 Nf6 11. h3 Be7 12. Rfd1 Bc6 13. Nh4 g6 14. Rd2 b5
15. Nf3 b4 16. Nd5 Bxd5 17. exd5 e4 18. Qxa6 exf3 19. gxf3 Qd7 20. Kg2 g5 21.
Qe2 O-O 22. a3 bxa3 23. Rxa3 Rfe8 24. c4 Bf8 25. Qd3 Bg7 26. b4 Qb7 27. Ra4
Red8 28. Qb3 Nd7 29. Ra7 Qb8 30. Rda2 Nb6 31. Bxb6 Qxb6 32. R7a6 Qd4 33. Rc2
Be5 34. Qe3 Rxc4 35. Rxc4 Qxc4 36. Qb6 Rf8 37. Qc6 Qxb4 38. Ra4 Qd2 39. Qc4 Rb8
40. Ra2 Qd1 41. Ra3 Rb1 42. Qc8+ Kg7 43. f4 Qh1+ 44. Kg3 Rg1# 0-1

[Event "Ïåðâåíñòâî Ìîñêâû"]
[Site "ÐœÐ¾Ñ�ÐºÐ²Ð°, ÐœÐ“Ð˜ÐœÐž Ð¿Ñ€."]
[Date "2018.11.21"]
[Round "5.14"]
[White "Zagorskii, Artem"]
[Black "Nabatyan, Mikael"]
[Result "1-0"]
[WhiteElo "1746"]
[BlackElo "1206"]
[PlyCount "49"]
[EventDate "2018.11.18"]

1. e4 c5 2. Nf3 d6 3. d4 cxd4 4. Nxd4 Nf6 5. Nc3 a6 6. h3 e5 7. Nde2 Be7 8. g4
Be6 9. Bg2 Nc6 10. a3 b5 11. O-O O-O 12. Ng3 g6 13. Be3 Rc8 14. Nd5 Bxd5 15.
exd5 Nb8 16. c3 Nbd7 17. Bh6 Re8 18. g5 Nh5 19. Nxh5 gxh5 20. Qxh5 Rc4 21. f4
exf4 22. b3 Rxc3 23. Rxf4 Ne5 24. Raf1 Rf8 25. Be4 1-0

[Event "Ïåðâåíñòâî Ìîñêâû"]
[Site "ÐœÐ¾Ñ�ÐºÐ²Ð°, ÐœÐ“Ð˜ÐœÐž Ð¿Ñ€."]
[Date "2018.11.21"]
[Round "5.15"]
[White "Fridman, Roman A"]
[Black "Matevosyan, Matevos"]
[Result "1-0"]
[WhiteElo "1705"]
[BlackElo "1499"]
[PlyCount "81"]
[EventDate "2018.11.18"]

1. Nf3 Nf6 2. c4 g6 3. Nc3 d5 4. cxd5 Nxd5 5. g3 Bg7 6. Bg2 O-O 7. O-O Nxc3 8.
bxc3 e5 9. Rb1 f5 10. d4 Nc6 11. Qb3+ Kh8 12. d5 Ne7 13. Rd1 Qd7 14. Ng5 h6 15.
Ne6 Rg8 16. Nxg7 Kxg7 17. c4 g5 18. Bb2 Ng6 19. c5 Qf7 20. Rbc1 Rb8 21. Qe3 Re8
22. d6 c6 23. f4 gxf4 24. gxf4 Kh7 25. fxe5 Rg8 26. Qd4 Qg7 27. Qf2 Nf4 28. Kh1
Nxg2 29. Rg1 Be6 30. Rxg2 Bd5 31. Rcg1 f4 32. h3 b6 33. e4 Bxe4 34. e6 Qg6 35.
Kh2 Bxg2 36. Rxg2 Qxe6 37. Qc2+ Rg6 38. Re2 Qf7 39. Re7 Qxe7 40. dxe7 f3 41.
Qf5 1-0

[Event "Ïåðâåíñòâî Ìîñêâû"]
[Site "ÐœÐ¾Ñ�ÐºÐ²Ð°, ÐœÐ“Ð˜ÐœÐž Ð¿Ñ€."]
[Date "2018.11.21"]
[Round "5.16"]
[White "Sakovich, Luka"]
[Black "Korshunov, Sergey A"]
[Result "1-0"]
[WhiteElo "1745"]
[BlackElo "1229"]
[PlyCount "44"]
[EventDate "2018.11.18"]

1. e4 d6 2. d4 Nf6 3. Nc3 g6 4. Be3 Bg7 5. f3 c6 6. Nge2 b5 7. Nf4 Nbd7 8. Qd2
a5 9. h4 h5 10. Bd3 Bb7 11. Rh3 e5 12. Nfe2 Nb6 13. dxe5 dxe5 14. Bxb5 Qxd2+
15. Kxd2 Nc8 16. Bd3 Nd6 17. Na4 Rd8 18. Ke1 Bc8 19. Rh1 Be6 20. b3 Nd7 21. Rd1
f5 22. exf5 Nxf5 {çàïèñü íå ÿñíà} 1-0

[Event "Ïåðâåíñòâî Ìîñêâû"]
[Site "ÐœÐ¾Ñ�ÐºÐ²Ð°, ÐœÐ“Ð˜ÐœÐž Ð¿Ñ€."]
[Date "2018.11.21"]
[Round "5.17"]
[White "Listov, Tikhon"]
[Black "Arbuzov, Timofey"]
[Result "0-1"]
[WhiteElo "1243"]
[BlackElo "1789"]
[PlyCount "55"]
[EventDate "2018.11.18"]

1. e4 c6 2. d4 d5 3. e5 Bf5 4. Bd3 Bxd3 5. Qxd3 e6 6. Nf3 Qa5+ 7. Bd2 Qa6 8.
Qxa6 Nxa6 9. a3 c5 10. c3 c4 11. O-O Ne7 12. Bg5 Nc6 13. Nbd2 h6 14. Bh4 Nc7
15. Rfb1 b5 16. b4 Kd7 17. a4 bxa4 18. b5 Ne7 19. Rxa4 Nc8 20. Ne1 Nb6 21. Ra5
g5 22. Bg3 Be7 23. Nc2 Rhb8 24. f4 Nc8 25. Ne3 Rb6 26. f5 Rab8 27. fxe6+ Nxe6
28. Nxd5 {çàïèñü íå ÿñíà} 0-1

[Event "Ïåðâåíñòâî Ìîñêâû"]
[Site "ÐœÐ¾Ñ�ÐºÐ²Ð°, ÐœÐ“Ð˜ÐœÐž Ð¿Ñ€."]
[Date "2018.11.21"]
[Round "5.18"]
[White "Davidyan, Vladimir"]
[Black "Nasyrov, Anton"]
[Result "0-1"]
[WhiteElo "1309"]
[BlackElo "1738"]
[PlyCount "86"]
[EventDate "2018.11.18"]

1. e4 c5 2. Nf3 d6 3. d4 cxd4 4. Nxd4 Nf6 5. Nc3 a6 6. Be3 e6 7. Be2 Qc7 8. f4
Be7 9. O-O O-O 10. Kh1 Nc6 11. Qe1 b5 12. Bf3 Bb7 13. g4 Nxd4 14. Bxd4 e5 15.
Be3 b4 16. g5 bxc3 17. gxf6 Bxf6 18. b3 exf4 19. Bxf4 Be5 20. Bxe5 dxe5 21. Qe3
Bc8 22. Be2 Be6 23. Bd3 a5 24. a4 f6 25. Rf3 Qa7 26. Re1 Qxe3 27. Rexe3 Rfc8
28. Bb5 Bxb3 29. Rxc3 Be6 30. Kg1 Rxc3 31. Rxc3 Rc8 32. Rxc8+ Bxc8 33. Kf2 Kf7
34. c4 Ke6 35. Ke3 Kd6 36. Be8 Be6 37. Kd3 Kc5 38. Bb5 Kb4 39. h4 g5 40. hxg5
fxg5 41. Ke3 Bxc4 42. Bd7 Bb3 43. Bf5 h5 0-1

[Event "Ïåðâåíñòâî Ìîñêâû"]
[Site "ÐœÐ¾Ñ�ÐºÐ²Ð°, ÐœÐ“Ð˜ÐœÐž Ð¿Ñ€."]
[Date "2018.11.21"]
[Round "5.19"]
[White "Fedorov, Georgy"]
[Black "Dorofeev, Fedor"]
[Result "0-1"]
[WhiteElo "1313"]
[BlackElo "1511"]
[PlyCount "104"]
[EventDate "2018.11.18"]

1. d4 Nf6 2. Nf3 e6 3. e3 c5 4. Bd3 b6 5. Nbd2 Bb7 6. b3 Nc6 7. Bb2 d6 8. O-O
g6 9. dxc5 bxc5 10. Ne4 e5 11. Nxf6+ Qxf6 12. e4 Qe7 13. Nd2 Bh6 14. f4 Nd4 15.
fxe5 dxe5 16. Bxd4 cxd4 17. Bb5+ Kf8 18. Bc4 f6 19. Bd3 Kg7 20. Nc4 Rhf8 21.
Qe2 Rae8 22. Na5 Bc8 23. Bb5 Qc5 24. Qc4 Qxc4 25. Nxc4 Rd8 26. Kh1 Bb7 27. Rfe1
Rf7 28. Rad1 Rc7 29. Rd3 Rc5 30. Na3 Be3 31. Rexe3 dxe3 32. Rxd8 Rxb5 33. Rd3
Ra5 34. b4 Ra4 35. Rxe3 Rxb4 36. Rb3 Rxb3 37. axb3 Bxe4 38. c4 Kf8 39. c5 Ke7
40. b4 Bd3 41. Kg1 Kd7 42. g3 Kc6 43. Kf2 a5 44. bxa5 Kxc5 45. Ke3 e4 46. g4 f5
47. h3 Kc6 48. Kf4 Kb7 49. h4 fxg4 50. Kxg4 e3 51. Kf3 e2 52. Nc2 Bxc2 0-1

[Event "Ïåðâåíñòâî Ìîñêâû"]
[Site "ÐœÐ¾Ñ�ÐºÐ²Ð°, ÐœÐ“Ð˜ÐœÐž Ð¿Ñ€."]
[Date "2018.11.21"]
[Round "5.20"]
[White "Zurabian, Vage"]
[Black "Kalita, Daniil"]
[Result "1/2-1/2"]
[WhiteElo "1905"]
[BlackElo "1597"]
[PlyCount "82"]
[EventDate "2018.11.18"]

1. c4 e6 2. g3 d5 3. Bg2 Nf6 4. Nf3 c5 5. O-O Nc6 6. cxd5 exd5 7. d4 Be6 8. Nc3
cxd4 9. Nxd4 Bc5 10. Be3 Qe7 11. Nxe6 fxe6 12. Bxc5 Qxc5 13. Rc1 Qe7 14. e4 d4
15. e5 dxc3 16. exf6 Qxf6 17. Rxc3 O-O 18. Bxc6 bxc6 19. Qd7 Rab8 20. Rxc6 Rxb2
21. Rxe6 Qf5 22. Qd4 Rxa2 23. Re7 Qf6 24. Qd5+ Kh8 25. Rxg7 Rxf2 26. Rg8+ Rxg8
27. Rxf2 Rd8 28. Qb7 Qd4 29. Kg2 Qd5+ 30. Qxd5 Rxd5 31. Rf7 Rd2+ 32. Kf3 Rxh2
33. Rxa7 Rh6 34. g4 Rg6 35. Kf4 Kg8 36. Kf5 Rb6 37. g5 Rb5+ 38. Kf6 Rb6+ 39.
Kf5 Rb5+ 40. Kf6 Rb6+ 41. Kf5 Rb5+ 1/2-1/2

[Event "Ïåðâåíñòâî Ìîñêâû"]
[Site "ÐœÐ¾Ñ�ÐºÐ²Ð°, ÐœÐ“Ð˜ÐœÐž Ð¿Ñ€."]
[Date "2018.11.21"]
[Round "5.21"]
[White "Kozlov, Kirill"]
[Black "Zaitsev, Yuriy"]
[Result "0-1"]
[WhiteElo "1559"]
[BlackElo "1544"]
[PlyCount "85"]
[EventDate "2018.11.18"]

1. d4 Nf6 2. Nf3 g6 3. c4 Bg7 4. g3 O-O 5. Bg2 d6 6. O-O c6 7. Nc3 Nbd7 8. Qc2
e5 9. Rd1 Qc7 10. dxe5 dxe5 11. Nd2 Nb6 12. Nde4 Bf5 13. Nxf6+ Bxf6 14. e4 Be6
15. b3 Bg7 16. Bb2 f5 17. exf5 Bxf5 18. Ne4 Bg4 19. Rd3 Rad8 20. Rxd8 Qxd8 21.
h3 Bf5 22. Rd1 Bxe4 23. Bxe4 Qc8 24. Bg2 Qe6 25. Qe2 Nc8 26. f4 Re8 27. fxe5
Nb6 28. c5 Nd7 29. Rd6 Qe7 30. e6 Nxc5 31. Be5 Nxe6 32. h4 Bxe5 33. Qxe5 Ng7
34. Qxe7 Rxe7 35. Bf1 Nf5 36. Rd8+ Kg7 37. Kf2 Rf7 38. Bc4 Re7 39. g4 Nh6 40.
g5 Nf7 41. Ra8 a6 42. Bxf7 Rxf7+ 43. Kg3 0-1

[Event "Ïåðâåíñòâî Ìîñêâû"]
[Site "ÐœÐ¾Ñ�ÐºÐ²Ð°, ÐœÐ“Ð˜ÐœÐž Ð¿Ñ€."]
[Date "2018.11.21"]
[Round "5.22"]
[White "Kireev, Igor"]
[Black "Solozhenkin, Sevastyan"]
[Result "1-0"]
[WhiteElo "1675"]
[BlackElo "1533"]
[PlyCount "56"]
[EventDate "2018.11.18"]

1. e4 e6 2. d4 d5 3. exd5 exd5 4. Nf3 Nf6 5. Bd3 Bd6 6. O-O O-O 7. Re1 Bg4 8.
Bg5 Nbd7 9. c4 dxc4 10. Bxc4 c6 11. Nbd2 Qc7 12. h3 Bh5 13. Rc1 h6 14. Bh4 g5
15. Bg3 Bxg3 16. fxg3 Qxg3 17. Qb3 Nb6 18. Be2 Nfd5 19. Ne5 Qf4 20. Ne4 Bxe2
21. Rxe2 Qxc1+ 22. Kh2 f5 23. Nd2 c5 24. Ng6 Rf7 25. Nc4 Kg7 26. Nge5 Re7 27.
dxc5 Nxc4 28. Nxc4 Nf4 {çàïèñü íå ÿñíà} 1-0

[Event "Ïåðâåíñòâî Ìîñêâû"]
[Site "ÐœÐ¾Ñ�ÐºÐ²Ð°, ÐœÐ“Ð˜ÐœÐž Ð¿Ñ€."]
[Date "2018.11.21"]
[Round "5.23"]
[White "Sednev, Aleksey N"]
[Black "Denisov, Mikhail"]
[Result "1-0"]
[WhiteElo "1293"]
[BlackElo "1394"]
[PlyCount "73"]
[EventDate "2018.11.18"]

1. e4 c5 2. Nf3 d6 3. Bb5+ Bd7 4. Bxd7+ Qxd7 5. O-O Nf6 6. Re1 e6 7. c3 Nc6 8.
d4 cxd4 9. cxd4 d5 10. exd5 Nxd5 11. Nc3 Bb4 12. Bd2 O-O 13. Nxd5 Qxd5 14. Bxb4
Nxb4 15. a3 Nc6 16. Rc1 Rfd8 17. Rc5 Qd6 18. b4 Nxd4 19. Ng5 h6 20. Ne4 Qe7 21.
Qg4 f5 22. Qh5 fxe4 23. Rxe4 Nc6 24. f4 Qf6 25. h3 Rd4 26. Re1 Rxf4 27. g4 Qd4+
28. Kh1 Qf2 29. Rg1 Qf3+ 30. Rg2 Raf8 31. Rc1 Qxa3 32. Rcg1 Rf3 33. Kh2 Qxb4
34. g5 Qf4+ 35. Kh1 hxg5 36. Rxg5 Qe3 37. Rxg7# 1-0

[Event "Ïåðâåíñòâî Ìîñêâû"]
[Site "ÐœÐ¾Ñ�ÐºÐ²Ð°, ÐœÐ“Ð˜ÐœÐž Ð¿Ñ€."]
[Date "2018.11.21"]
[Round "5.24"]
[White "Pankin, Pavel"]
[Black "Schipitsin, Mikhail"]
[Result "0-1"]
[WhiteElo "1497"]
[BlackElo "1332"]
[PlyCount "112"]
[EventDate "2018.11.18"]

1. d4 f5 2. Nf3 g6 3. c4 Bg7 4. Nc3 Nf6 5. g3 O-O 6. Bg2 c6 7. O-O d6 8. Qc2
Qe8 9. e4 e5 10. exf5 Bxf5 11. Qb3 Qe7 12. dxe5 dxe5 13. Re1 e4 14. Ng5 Na6 15.
Ncxe4 Nc5 16. Qe3 Ncxe4 17. Nxe4 Rae8 18. Nxf6+ Qxf6 19. Qd2 Qd4 20. Bf1 Qxd2
21. Bxd2 Bxb2 22. Rxe8 Rxe8 23. Re1 Rxe1 24. Bxe1 Ba3 25. f4 Bb1 26. h3 Bc5+
27. Bf2 Bxf2+ 28. Kxf2 Bxa2 29. Bd3 a5 30. Ke2 a4 31. Kd2 Bb3 32. Kc3 Kf7 33.
f5 g5 34. g4 h6 35. Bc2 Kf6 36. Kb2 Ke5 37. Kc3 Kd6 38. Kb4 b6 39. Bd3 Bd1 40.
Bf1 Ke5 41. Bd3 Bf3 42. Kxa4 Bg2 43. Be2 Bxh3 44. Bf3 Bf1 45. Kb4 Kd6 46. Bd1
Bg2 47. Be2 Be4 48. Kc3 c5 49. Kb3 Ke5 50. Bd1 Kd6 51. Be2 Ke5 52. Bd1 h5 53.
gxh5 Kxf5 54. Ka4 Bc6+ 55. Kb3 Bd7 56. Ka3 g4 0-1

[Event "Ïåðâåíñòâî Ìîñêâû"]
[Site "ÐœÐ¾Ñ�ÐºÐ²Ð°, ÐœÐ“Ð˜ÐœÐž Ð¿Ñ€."]
[Date "2018.11.22"]
[Round "6.1"]
[White "Tarasov, Danila"]
[Black "Timofeev, Lev"]
[Result "1/2-1/2"]
[WhiteElo "1852"]
[BlackElo "1802"]
[PlyCount "89"]
[EventDate "2018.11.18"]

1. c4 e5 2. Nc3 Nf6 3. Nf3 Nc6 4. g3 d5 5. cxd5 Nxd5 6. Bg2 Nb6 7. O-O Be7 8.
d3 O-O 9. Be3 Re8 10. Ne4 Bf8 11. Rc1 Nd4 12. Bxd4 exd4 13. e3 Bg4 14. h3 Bxf3
15. Qxf3 c6 16. h4 Nd7 17. exd4 g6 18. Bh3 f5 19. Bxf5 gxf5 20. Qxf5 Be7 21. d5
cxd5 22. Qxd5+ Kh8 23. h5 Nf6 24. Nxf6 Bxf6 25. Qxb7 Qxd3 26. Rfd1 Qe4 27. Qxe4
Rxe4 28. Rd7 Re7 29. Rxe7 Bxe7 30. Rc7 Bd8 31. Rf7 Kg8 32. Rb7 Bb6 33. Kg2 Rd8
34. f4 Rd2+ 35. Kh3 Rxb2 36. Rb8+ Kg7 37. Rb7+ Kh6 38. a4 Ra2 39. Rd7 Rxa4 40.
Rd6+ Kg7 41. h6+ Kg8 42. Rd7 Ra6 43. Rg7+ Kh8 44. Re7 Kg8 45. Rg7+ 1/2-1/2

[Event "Ïåðâåíñòâî Ìîñêâû"]
[Site "ÐœÐ¾Ñ�ÐºÐ²Ð°, ÐœÐ“Ð˜ÐœÐž Ð¿Ñ€."]
[Date "2018.11.22"]
[Round "6.2"]
[White "Mishuris, Matvey"]
[Black "Gerasimov, Vadim"]
[Result "1-0"]
[WhiteElo "1997"]
[BlackElo "1836"]
[PlyCount "94"]
[EventDate "2018.11.18"]

1. d4 d5 2. c4 c6 3. cxd5 cxd5 4. Nc3 Nf6 5. Bf4 Nc6 6. e3 Bf5 7. Nf3 e6 8. Qb3
Bb4 9. Bb5 Qa5 10. O-O Bxc3 11. bxc3 O-O 12. Rfc1 Qb6 13. Bxc6 bxc6 14. c4 Rfc8
15. c5 Qxb3 16. axb3 Bd3 17. Ne1 Bb5 18. f3 Rd8 19. Ra5 a6 20. Rc3 Ra7 21. Nd3
Nd7 22. Bd6 f6 23. Nb4 Re8 24. Rc1 Kf7 25. e4 Nf8 26. Na2 Rb7 27. Nc3 Bd3 28.
Rd1 Bc2 29. Rd2 Bxb3 30. Rb2 e5 31. dxe5 d4 32. Nb1 Ne6 33. Ra3 Nxc5 34. Bxc5
Rxe5 35. Bxd4 Reb5 36. Nc3 Rb4 37. Bc5 Rc4 38. Raxb3 Rxb3 39. Rxb3 Rxc5 40. Kf2
a5 41. Ra3 Kg6 42. Ke3 Rh5 43. h3 f5 44. e5 Rg5 45. Kd4 f4 46. Rxa5 Kf7 47. Ne4
Rf5 1-0

[Event "Ïåðâåíñòâî Ìîñêâû"]
[Site "ÐœÐ¾Ñ�ÐºÐ²Ð°, ÐœÐ“Ð˜ÐœÐž Ð¿Ñ€."]
[Date "2018.11.22"]
[Round "6.3"]
[White "Knjazev, Artem"]
[Black "Rostovtsev, Dmitry"]
[Result "1/2-1/2"]
[WhiteElo "1829"]
[BlackElo "1321"]
[PlyCount "80"]
[EventDate "2018.11.18"]

1. e4 e5 2. Nf3 Nf6 3. Nxe5 d6 4. Nd3 Nxe4 5. Qe2 Qe7 6. Nf4 Nf6 7. Nc3 Qxe2+
8. Bxe2 Be7 9. O-O c6 10. d4 d5 11. Nd3 Bf5 12. Bf4 Nbd7 13. Rac1 O-O 14. Ne5
Nxe5 15. Bxe5 Rfe8 16. Bf3 Nd7 17. Bg3 Bg5 18. Ra1 Bxc2 19. h4 Bf6 20. Bg4 Nf8
21. Rac1 Be4 22. Rfe1 h6 23. Na4 Be7 24. a3 Ne6 25. Bxe6 fxe6 26. Nc5 Bxc5 27.
Rxc5 g5 28. hxg5 hxg5 29. f3 Bf5 30. Kf2 g4 31. Be5 Re7 32. Rh1 Rh7 33. Rcc1
Rf8 34. Rxh7 Kxh7 35. f4 Rg8 36. Kg3 Kg6 37. b4 a6 38. a4 Rc8 39. a5 Rd8 40.
Rh1 Rd7 1/2-1/2

[Event "Ïåðâåíñòâî Ìîñêâû "]
[Site "ÐœÐ¾Ñ�ÐºÐ²Ð°, ÐœÐ“Ð˜ÐœÐž Ð¿Ñ€."]
[Date "2018.11.22"]
[Round "6.4"]
[White "Ochirov, Lidzhi"]
[Black "Vasilyev, Alexey"]
[Result "0-1"]
[WhiteElo "1661"]
[BlackElo "1995"]
[PlyCount "58"]
[EventDate "2018.11.18"]

1. d4 Nf6 2. c4 e6 3. Nc3 Bb4 4. e3 b6 5. Bd3 Bb7 6. Nf3 O-O 7. O-O c5 8. a3
Bxc3 9. bxc3 Ne4 10. Qc2 f5 11. Nd2 Qh4 12. f3 Ng5 13. e4 f4 14. e5 Nc6 15. Bb2
Ne7 16. Nb3 Nf5 17. Bxf5 Rxf5 18. Qf2 Qh5 19. Nd2 Rc8 20. a4 Qg6 21. Kh1 Nf7
22. a5 Rh5 23. Rfc1 Nh6 24. axb6 axb6 25. Ra7 Bc6 26. dxc5 bxc5 27. Qxc5 Nf5
28. Qf2 Ng3+ 29. Kg1 Rxh2 0-1

[Event "Ïåðâåíñòâî Ìîñêâû"]
[Site "ÐœÐ¾Ñ�ÐºÐ²Ð°, ÐœÐ“Ð˜ÐœÐž Ð¿Ñ€."]
[Date "2018.11.22"]
[Round "6.5"]
[White "Titov, Alexander"]
[Black "Baituganov, Vyacheslav"]
[Result "1-0"]
[WhiteElo "1922"]
[BlackElo "1677"]
[PlyCount "134"]
[EventDate "2018.11.18"]

1. d4 d5 2. c4 c6 3. Nf3 Nf6 4. Nc3 a6 5. c5 Bf5 6. Bf4 e6 7. Qb3 Ra7 8. h3
Nbd7 9. e3 Be7 10. Be2 O-O 11. O-O Ne4 12. Nxe4 Bxe4 13. Qc3 Bf6 14. b4 Re8 15.
Bh2 Bxf3 16. Bxf3 e5 17. a4 e4 18. Be2 Bg5 19. b5 f5 20. bxc6 bxc6 21. Rab1 Qf6
22. Rb3 g6 23. Qd2 h5 24. Rfb1 Qf8 25. Rb7 Rea8 26. a5 Qc8 27. R7b3 Qd8 28. Qa2
Qf8 29. Qa4 Qc8 30. Bf1 Bd8 31. Rb6 Nxb6 32. axb6 Rf7 33. Qa5 Rfa7 34. Ra1 Qb7
35. Qa4 Bxb6 36. Rb1 Qc8 37. Rxb6 Qd7 38. Qa5 Rb7 39. Bxa6 Rba7 40. Rb8+ Kf7
41. Rxa8 Rxa8 42. Qb6 Qa7 43. Qxa7+ Rxa7 44. Bf1 Ra1 45. Be5 g5 46. g4 fxg4 47.
hxg4 h4 48. Kg2 h3+ 49. Kg1 Rb1 50. f3 exf3 51. Kf2 h2 52. Bxh2 Ra1 53. Be5 Rd1
54. Ba6 Rb1 55. Kxf3 Ke7 56. Bd3 Rb3 57. Bf5 Rb7 58. Bd6+ Kf7 59. Bc8 Ra7 60.
Bf5 Kf6 61. Be5+ Kf7 62. e4 Ra3+ 63. Kf2 dxe4 64. Bxe4 Ra6 65. d5 cxd5 66.
Bxd5+ Ke7 67. Bc4 Ra5 1-0

[Event "Ïåðâåíñòâî Ìîñêâû"]
[Site "ÐœÐ¾Ñ�ÐºÐ²Ð°, ÐœÐ“Ð˜ÐœÐž Ð¿Ñ€."]
[Date "2018.11.22"]
[Round "6.6"]
[White "Larichev, Prokhor"]
[Black "Boger, Juri"]
[Result "1-0"]
[WhiteElo "1848"]
[BlackElo "1672"]
[PlyCount "24"]
[EventDate "2018.11.18"]

1. e4 g6 2. d4 Bg7 3. Nc3 d6 4. Be3 a6 5. Qd2 b5 6. h4 h5 7. f3 Bb7 8. Nh3 c5
9. a4 Qa5 10. Be2 Nf6 11. O-O b4 12. Nb1 O-O {çàïèñü íå ÿñíà} 1-0

[Event "Ïåðâåíñòâî Ìîñêâû"]
[Site "ÐœÐ¾Ñ�ÐºÐ²Ð°, ÐœÐ“Ð˜ÐœÐž Ð¿Ñ€."]
[Date "2018.11.22"]
[Round "6.7"]
[White "Fridman, Roman A"]
[Black "Kim, Andrey"]
[Result "1-0"]
[WhiteElo "1705"]
[BlackElo "1913"]
[PlyCount "87"]
[EventDate "2018.11.18"]

1. Nf3 d5 2. e3 Nf6 3. b3 Bf5 4. Bb2 e6 5. Be2 Be7 6. O-O h6 7. d3 O-O 8. Nbd2
c5 9. Ne5 Nbd7 10. f4 Nxe5 11. Bxe5 Bh7 12. Bb2 b5 13. g4 Nd7 14. Nf3 Rc8 15.
Kh1 Nb6 16. Rg1 Bf6 17. Bxf6 Qxf6 18. g5 hxg5 19. Nxg5 d4 20. e4 Qxf4 21. Nxh7
Kxh7 22. Rg3 g6 23. Qg1 Kg7 24. Rf1 Qh6 25. Qf2 Nd7 26. Rfg1 Qd2 27. Qg2 Qh6
28. Rh3 Qf4 29. Rf3 Qe5 30. Rg3 Qf6 31. Rf1 Qe7 32. Rg1 Qe8 33. Bh5 Kf6 34.
Rxg6+ fxg6 35. Qg5+ Kg7 36. Bxg6 Qd8 37. Qh5 Kf6 38. e5+ Nxe5 39. Qg5+ Kg7 40.
Qxe5+ Qf6 41. Be8+ Kh7 42. Qh5+ Qh6 43. Bg6+ Kg7 44. Be4+ 1-0

[Event "Ïåðâåíñòâî Ìîñêâû "]
[Site "ÐœÐ¾Ñ�ÐºÐ²Ð°, ÐœÐ“Ð˜ÐœÐž Ð¿Ñ€."]
[Date "2018.11.22"]
[Round "6.8"]
[White "Ivanov, Artem T"]
[Black "Vorontsov, Alexandr"]
[Result "1-0"]
[WhiteElo "1850"]
[BlackElo "1643"]
[PlyCount "69"]
[EventDate "2018.11.18"]

1. e4 e5 2. Nf3 Nc6 3. Bb5 a6 4. Ba4 Nf6 5. d3 b5 6. Bb3 Be7 7. O-O O-O 8. a4
Bb7 9. c3 d5 10. Qe2 d4 11. Nbd2 Qd6 12. Bc2 Nd7 13. cxd4 Nxd4 14. Nxd4 exd4
15. f4 c5 16. Nf3 Rac8 17. e5 Qb6 18. a5 Qc7 19. Bd2 Rfe8 20. Rae1 Bd5 21. Qf2
b4 22. Qg3 f6 23. Ba4 Red8 24. Nh4 fxe5 25. Nf5 Bf8 26. fxe5 g6 27. e6 Qxg3 28.
Nxg3 Bxe6 29. Rxe6 c4 30. Bxd7 Rxd7 31. dxc4 Rxc4 32. Rxa6 Rc2 33. Bg5 d3 34.
Ra8 d2 35. Bh6 1-0

[Event "Ïåðâåíñòâî Ìîñêâû"]
[Site "ÐœÐ¾Ñ�ÐºÐ²Ð°, ÐœÐ“Ð˜ÐœÐž Ð¿Ñ€."]
[Date "2018.11.22"]
[Round "6.9"]
[White "Sakovich, Luka"]
[Black "Kirushin, Ivan"]
[Result "0-1"]
[WhiteElo "1745"]
[BlackElo "1801"]
[PlyCount "84"]
[EventDate "2018.11.18"]

1. e4 c5 2. Nf3 e6 3. d4 cxd4 4. Nxd4 a6 5. Be3 Qc7 6. Qd2 Nf6 7. Bd3 d5 8.
exd5 Nxd5 9. c3 Bd6 10. Be4 O-O 11. h3 Nxe3 12. Qxe3 f5 13. Bc2 e5 14. Bb3+ Kh8
15. Ne6 Bxe6 16. Bxe6 Nc6 17. Nd2 Rae8 18. Bb3 e4 19. O-O-O f4 20. Qe2 f3 21.
gxf3 exf3 22. Qd3 Ne5 23. Qd5 Rd8 24. Qe4 Rf4 25. Qd5 Ba3 26. Qxd8+ Qxd8 27.
bxa3 Nd3+ 28. Kb1 Nxf2 29. Nxf3 Nxd1 30. Rxd1 Qe7 31. Ne5 g6 32. Re1 Kg7 33.
Nd3 Re4 34. Rf1 Re3 35. Kc2 Qe4 36. Rd1 Rxh3 37. Rd2 Re3 38. Rd1 h5 39. c4 Qd4
40. Nb4 Rc3+ 41. Kb1 Qg4 42. c5 Rxb3+ 0-1

[Event "Ïåðâåíñòâî Ìîñêâû"]
[Site "ÐœÐ¾Ñ�ÐºÐ²Ð°, ÐœÐ“Ð˜ÐœÐž Ð¿Ñ€."]
[Date "2018.11.22"]
[Round "6.10"]
[White "Karlov, Egor"]
[Black "Zagorskii, Artem"]
[Result "1-0"]
[WhiteElo "1685"]
[BlackElo "1746"]
[PlyCount "59"]
[EventDate "2018.11.18"]

1. d4 f5 2. c4 Nf6 3. Nc3 g6 4. Nf3 Bg7 5. e3 O-O 6. g3 d6 7. Bg2 c6 8. O-O Qe8
9. d5 Bd7 10. Re1 c5 11. e4 fxe4 12. Nxe4 Nxe4 13. Rxe4 Bf5 14. Re2 Bg4 15. Qb3
Nd7 16. h3 Bxf3 17. Bxf3 Ne5 18. Bg2 Rb8 19. f4 Nd7 20. Bd2 Nf6 21. Rae1 Rf7
22. Qa3 b5 23. Qxa7 bxc4 24. Rxe7 Rxe7 25. Rxe7 Qf8 26. Rxg7+ Kh8 27. Rf7 Qd8
28. Be3 Rxb2 29. Rxh7+ Kg8 30. Qg7# 1-0

[Event "Ïåðâåíñòâî Ìîñêâû "]
[Site "ÐœÐ¾Ñ�ÐºÐ²Ð°, ÐœÐ“Ð˜ÐœÐž Ð¿Ñ€."]
[Date "2018.11.22"]
[Round "6.11"]
[White "Shirokikh, Ivan"]
[Black "Kurus, Artem"]
[Result "1/2-1/2"]
[WhiteElo "1473"]
[BlackElo "1800"]
[PlyCount "87"]
[EventDate "2018.11.18"]

1. e4 e5 2. Nf3 Nf6 3. Nxe5 d6 4. Nf3 Nxe4 5. Nc3 Nxc3 6. dxc3 Be7 7. Be2 Nd7
8. O-O O-O 9. Bf4 Nc5 10. Nd4 Bf6 11. Bf3 d5 12. Re1 c6 13. Qd2 Ne6 14. Nxe6
Bxe6 15. Rad1 Qb6 16. Rb1 Rfe8 17. Bg5 Bxg5 18. Qxg5 h6 19. Qf4 a5 20. b3 Qc5
21. Qd2 b5 22. h3 Bf5 23. a4 bxa4 24. Rxe8+ Rxe8 25. bxa4 Qa3 26. Qf4 Bxc2 27.
Rb7 Re7 28. Rb8+ Kh7 29. Bh5 Qxa4 30. Qd6 Qe4 31. Qd8 Qe1+ 32. Kh2 Qe5+ 33. Kg1
Qe1+ 34. Kh2 Qe5+ 35. g3 Qxh5 36. Qxe7 Be4 37. g4 Qg6 38. Rb7 f5 39. g5 hxg5
40. Qf8 g4 41. Rb8 Kh6 42. Rd8 Kg5 43. Kg3 Qf6 44. Qxf6+ 1/2-1/2

[Event "Ïåðâåíñòâî Ìîñêâû"]
[Site "ÐœÐ¾Ñ�ÐºÐ²Ð°, ÐœÐ“Ð˜ÐœÐž Ð¿Ñ€."]
[Date "2018.11.22"]
[Round "6.12"]
[White "Soloviev, Vladislav"]
[Black "Dorofeev, Fedor"]
[Result "1-0"]
[WhiteElo "1919"]
[BlackElo "1511"]
[PlyCount "83"]
[EventDate "2018.11.18"]

1. d4 Nf6 2. Nc3 d5 3. Bf4 c5 4. e3 e6 5. Nf3 a6 6. a3 b5 7. h3 Bb7 8. dxc5
Bxc5 9. Bd3 Nc6 10. O-O Bd6 11. Qd2 Qc7 12. Bxb5 O-O 13. Bxc6 Bxc6 14. Bxd6
Qxd6 15. e4 Qe7 16. Ne5 Bb7 17. exd5 exd5 18. Rfe1 Qc7 19. Nf3 Rfe8 20. Nd4
Rad8 21. Rad1 Re5 22. Rxe5 Qxe5 23. Re1 Ne4 24. f3 Nxd2 25. Rxe5 Nc4 26. Re7
Ba8 27. Na4 Nd6 28. Ra7 Nb5 29. Nxb5 axb5 30. Nc3 d4 31. Nxb5 Bc6 32. a4 Kf8
33. Rc7 Bxb5 34. axb5 Rb8 35. Rc5 Ke7 36. Kf2 Kd6 37. b4 Ra8 38. Rc4 Kd5 39.
Rc7 Rb8 40. Rc5+ Kd6 41. Ke2 Re8+ 42. Kd3 1-0

[Event "Ïåðâåíñòâî Ìîñêâû"]
[Site "ÐœÐ¾Ñ�ÐºÐ²Ð°, ÐœÐ“Ð˜ÐœÐž Ð¿Ñ€."]
[Date "2018.11.22"]
[Round "6.13"]
[White "Arbuzov, Timofey"]
[Black "Kushnarenko, Egor"]
[Result "1-0"]
[WhiteElo "1789"]
[BlackElo "1722"]
[PlyCount "75"]
[EventDate "2018.11.18"]

1. e4 c5 2. Nf3 e6 3. d3 Nc6 4. Nbd2 d5 5. g3 Be7 6. Bg2 Nf6 7. O-O O-O 8. Re1
Re8 9. e5 Nd7 10. Nf1 Qc7 11. Bf4 b5 12. h4 Bf8 13. N1h2 Rb8 14. Ng5 Nb6 15.
Ng4 h6 16. Nh3 Nd7 17. Bxd5 exd5 18. e6 Bd6 19. exf7+ Kxf7 20. Nxh6+ gxh6 21.
Qh5+ Kg8 22. Qg6+ Kh8 23. Rxe8+ Nf8 24. Bxd6 Bf5 25. Qxh6+ Qh7 26. Qxh7+ Kxh7
27. Bxb8 Nd7 28. Ng5+ Kg6 29. Bf4 Nf6 30. Ra8 Nd4 31. Re1 Nxc2 32. Re7 Nd4 33.
Rh8 Bxd3 34. h5+ Kf5 35. Re5+ Kg4 36. Kg2 Be4+ 37. Nxe4 dxe4 38. Rg5# 1-0

[Event "Ïåðâåíñòâî Ìîñêâû"]
[Site "ÐœÐ¾Ñ�ÐºÐ²Ð°, ÐœÐ“Ð˜ÐœÐž Ð¿Ñ€."]
[Date "2018.11.22"]
[Round "6.14"]
[White "Nasyrov, Anton"]
[Black "Gubanov, Timofey"]
[Result "0-1"]
[WhiteElo "1738"]
[BlackElo "1666"]
[PlyCount "114"]
[EventDate "2018.11.18"]

1. e4 e5 2. Nf3 Nc6 3. Bb5 Nf6 4. d3 d6 5. c3 a6 6. Ba4 Be7 7. h3 b5 8. Bb3 O-O
9. Nbd2 Bb7 10. Nf1 Nb8 11. Ng3 g6 12. O-O Nbd7 13. Qe2 c5 14. Nh2 d5 15. Bc2
dxe4 16. dxe4 Qc7 17. f4 exf4 18. Bxf4 Bd6 19. Qd2 Bxf4 20. Qxf4 Qxf4 21. Rxf4
Rfe8 22. Rd1 Re7 23. Ng4 Nxg4 24. Rxg4 Kf8 25. Rf4 Rae8 26. Rf2 Kg7 27. Rd6 c4
28. a3 Nc5 29. Rdf6 Rd8 30. R6f4 Nd3 31. Bxd3 Rxd3 32. R4f3 Rd1+ 33. Kh2 Re1
34. Rf6 h5 35. h4 Bxe4 36. Rd6 Re5 37. a4 bxa4 38. Rxa6 Bd5 39. Ra7 Be6 40. Rb7
Rd5 41. Rb6 Rd3 42. Rb7 Ree3 43. Nf1 Re4 44. g3 Re1 45. Rb6 Rdd1 46. Kg2 Bf5
47. Ra6 Be4+ 48. Kg1 f5 49. Re6 Rc1 50. Re7+ Kh6 51. Re6 Red1 52. g4 hxg4 53.
Rf6 Bd3 54. Rc6 Rxf1+ 55. Rxf1 Rxf1+ 56. Kg2 Be4+ 57. Kxf1 Bxc6 0-1